| 000 | 01243nam a22002537a 4500 | ||
|---|---|---|---|
| 001 | 73444 | ||
| 003 | UA-OsUOA | ||
| 005 | 20230504161315.0 | ||
| 007 | ta | ||
| 008 | 20110301b un ||||| |||| 00| 0 ukr d | ||
| 020 | _a978-966-373-287-9 | ||
| 040 |
_aUA-OsUOA _bukr _cUA-OsUOA _dUA-OsUOA |
||
| 041 | _aukr | ||
| 080 | _a330.1(075.8) | ||
| 090 |
_a330.1(075.8) _bО-75 |
||
| 245 |
_aОснови економічної теорії _bнавч. посіб. _cза ред. Зюнькіна А. Г. |
||
| 260 |
_aК. _bКНТ _c2007 |
||
| 300 | _a232 с. | ||
| 520 | _aУ посібнику, відповідно до програми курсу для студентів, курсантів та слухачів КНУВС, розглянуто зміст дисципліни економічної теорії у поняттях, категоріях, схемах та діаграмах з урахуванням новітніх наукових досягнень, використовуючи сучасне економічне законодавство. | ||
| 650 | 7 |
_a330 Економіка взагалі _2UDC |
|
| 942 |
_cBK _2udc |
||
| 955 | _a2 | ||
| 999 |
_c359731 _d359731 |
||